El cálculo

Uloženo v:
Podrobná bibliografie
Hlavní autor: Leithold, Louis (Autor)
Médium: Kniha
Jazyk:španělština
Vydáno: Ciudad de México Oxford University Press 1998
Vydání:7a. ed
Témata:
Tagy: Přidat tag
Žádné tagy, Buďte první, kdo vytvoří štítek k tomuto záznamu!

MARC

LEADER 00000nam a2200000 a 4500
001 UCP4995
003 CL-VaPUC
008 990827e19980000MX |||||||||||||||||spa|d
020 |a 9706131825 
082 0 4 |a 515.15  |b LEI  |2 21 
100 |a Leithold, Louis  |e author  |9 520945 
245 1 3 |a El cálculo 
250 |a 7a. ed 
300 |a 1360 p 
942 |c BK 
945 |d 19990827 00:00:00  |a rbrito 
260 |a Ciudad de México  |b Oxford University Press  |c 1998 
650 0 |a Funciones   |9 263869 
650 0 |a Derivadas  |9 354237 
650 0 |a Integrales   |9 260233 
650 7 |a LOGARITMO  |2 CL-VaPUC  |9 417400 
650 0 |a Trigonometría   |9 259568 
650 0 |a Ecuaciones  |9 260137 
650 0 |a Vectores  |9 317184 
650 0 |a Cálculo diferencial   |9 260102 
650 0 |a Cálculo  |9 260234 
583 |a last modification  |c 19990827 00:00:00  |k Rodrigo Vera 
999 |c 282853  |d 282851 
952 |0 0  |1 0  |2 ddc  |4 0  |6 515_150000000000000_LEI_1998  |7 0  |8 A  |9 325352  |a BIBALI  |b BIBALI  |c GEN  |d 2019-11-20  |i 3558169  |o 515.15 LEI 1998  |p 3558169  |r 2025-01-20  |w 2019-11-20  |y BK  |k ALI 
952 |0 0  |1 0  |2 ddc  |4 0  |6 515_150000000000000_LEI_1998  |7 0  |8 A  |9 325353  |a BIBALI  |b BIBALI  |c GEN  |d 2019-11-20  |i 3558177  |o 515.15 LEI 1998  |p 3558177  |r 2025-01-20  |w 2019-11-20  |y BK  |k ALI 
952 |0 0  |1 0  |2 ddc  |4 0  |6 515_150000000000000_LEI_1998  |7 0  |8 CCM  |9 325354  |a BIBCUR  |b BIBCUR  |c PAC  |d 2019-11-20  |i 3558185  |o 515.15 LEI 1998  |p 3558185  |r 2025-04-22  |w 2019-11-20  |y BK  |k RNT 
952 |0 0  |1 0  |4 0  |6 515_150000000000000_LEI_1998  |7 0  |8 A  |9 325355  |a BIBMAT  |b BIBMAT  |d 2019-11-20  |i 3973832  |o 515.15 LEI 1998  |p 3973832  |r 2025-01-07  |w 2019-11-20  |y BK  |k MAT 
952 |0 0  |1 0  |4 0  |6 515_150000000000000_LEI_1998  |7 0  |8 A  |9 325356  |a BIBMAT  |b BIBMAT  |d 2019-11-20  |i 3973840  |o 515.15 LEI 1998  |p 3973840  |r 2025-01-07  |w 2019-11-20  |y BK  |k MAT 
952 |0 0  |1 0  |4 0  |6 515_150000000000000_LEI_1998  |7 0  |8 A  |9 325357  |a BIBMAT  |b BIBMAT  |d 2019-11-20  |i 4094840  |o 515.15 LEI 1998  |p 4094840  |r 2025-01-07  |w 2019-11-20  |y BK  |k MAT